00905nam a2200241 a 450000100060000000300080000600500170001400800410003103500190007204000370009104100130012808200220014110000290016324501660019226000620035830000400042050400490046060000290050960000280053865000470056665000210061370000290063425640BD-RjUL20211209050915.0140318r19661965enkbc b 001 0beng d a(BD-RjUL)25710 aDLCcDLCdUKMdEQOdBD-RjULbeng1 aenghchi a923.151bCHM 19661 aChʼên, Jerome,d1919-10aMao and the Chinese revolution /cby Jerome Chʿên, with thirty-seven poems by Mao Tse-tung translated from the Chinese by Michael Bullock and Jerome Chʿên. aOxford University Press :bLondon,c1965 [reprinted 1966] aix, 419 p. :bmaps, port. ;c23 cm. aIncludes Bibliography: p. 392-410 and index.10aMao, Zedong,d1893-1976.10aMao, Zedong,d1893-1976 0aChinese poetryvTranslations into English. 0aCommunismzChina1 aMao, Zedong,d1893-1976.